All arcade Mario games - Statistics

General Stats
  • This quiz has been taken 13 times
  • The average score is 5 of 11
Answer Stats
Release year Answer % Correct
1981 Donkey kong
100%
1983 Mario bros
100%
1982 Donkey kong jr
83%
1983 Donkey kong 3
75%
1986 Super Mario bros
58%
2005 Mario kart arcade GP
17%
1983 Mario’s cement factory
17%
2015 Luigi’s mansion arcade
8%
2007 Mario kart arcade GP 2
8%
2013 Mario kart arcade GP deluxe
8%
2017 Mario kart arcade GP VR
8%
No matching quizzes found
Score Distribution
Percent of People with Each Score
Percentile by Number Answered
Your Score History
You have not taken this quiz